| 000 | 004630000a22001210004500 | ||
|---|---|---|---|
| 008 | 230817t ||||| |||| 00| 0 eng d | ||
| 082 |
_a303.66 _bPEA |
||
| 245 |
_aPeace audit 2006, supporting an enabling environment for peace in Sri Lanka : _banalysis of community perspectives on peace and conflict in Sri Lanka. |
||
| 260 |
_aColombo: _bConsortium of Humanitarian Agencies, _c2006 |
||
| 300 | _a48 p. ; 27 cm. | ||
| 650 | _aPEACE-Sri Lanka-Statistics | ||
| 942 | _cRP | ||
| 999 |
_c2227 _d2227 |
||